Metodológia syntézy optimalizačných a ekonometrických prístupov makroekonomického modelovania dizertačná práca

Enregistré dans:
Détails bibliographiques
Auteur principal: Lukáčiková, Adriana, 1971-
Collectivité auteur: Fakulta hospodárskej informatiky EU. Katedra operačného výskumu a ekonometrie
Autres auteurs: Hatrák, Michal
Format: Livre
Langue:slovaque
Publié: Bratislava 2004
Sujets:
Tags: Ajouter un tag
Pas de tags, Soyez le premier à ajouter un tag!

MARC

LEADER 00000nam$a2200000$$$4500
001 0036733
005 20240502071452.8
041 0 |a slo 
044 |a SK 
245 1 0 |a Metodológia syntézy optimalizačných a ekonometrických prístupov makroekonomického modelovania  |b dizertačná práca  |c Adriana Lukáčiková ; školiteľ: Michal Hatrák 
264 1 |a Bratislava  |c 2004 
300 |a 96 s. 
610 2 0 |a modely makroekonomické 
610 2 0 |a rovnováha hospodárska 
610 2 0 |a modely ekonomické 
610 2 0 |a matice 
610 2 0 |a účtovníctvo 
610 2 0 |a politika hospodárska 
610 2 0 |a optimalizácia 
610 2 0 |a experimenty 
610 2 0 |a Slovensko 
100 1 |a Lukáčiková, Adriana, 1971- 
700 1 |a Hatrák, Michal 
710 2 |a Fakulta hospodárskej informatiky EU. Katedra operačného výskumu a ekonometrie